| 000 | 01090nam a2200277 u 4500 | ||
|---|---|---|---|
| 001 | 000020959 | ||
| 003 | DO-SdBNP | ||
| 005 | 20220224092458.0 | ||
| 007 | ta | ||
| 008 | 100825s1986 dr r 001 0 spa d | ||
| 040 |
_aDO-SdBNP _bspa _cBNPHU |
||
| 082 |
_a324.97293 _bC764c |
||
| 100 | 1 |
_aContreras, Darío _943897 |
|
| 245 | 1 | 0 |
_aComportamiento electoral dominicana : _belecciones dominicanas 1962 -1982, datos y análisis / _cDarío Contrera ; presentación Leopordo A. Espaillat H. |
| 260 |
_aSanto Domingo : _bCorripio, _c1986. |
||
| 300 |
_a146p. : _bil., retrs. ; _c28 cm. |
||
| 500 | _aIncluye datos biográficos del autor en la contracubierta | ||
| 500 | _aIncluye índice | ||
| 500 | _aA la cabeza del titulo: Elecciones dominicanas 1962 - 1982: datos y analisis. | ||
| 590 | _aLa biblioteca posee un ejemplar autografiado por el autor | ||
| 590 | _aInventariado, 2018/BT | ||
| 650 | 4 |
_aElecciones _zRepública Dominicana _y1962-1982 _xEstadísticas _943898 |
|
| 700 | 1 | 2 |
_aEspaillat H., Leopoldo A. _943899 |
| 910 | _aValidado. Control de calidad MFF | ||
| 942 |
_2ddc _cLBS1 |
||
| 999 |
_c20462 _d20462 |
||